000 00517nam a22002057a 4500
005 20241003094310.0
008 161010b xxu||||| |||| 00| 0 spa d
020 _a9780718080198
041 _aESP
082 _a813.54 S631p
100 _aSlaughter, Karin
_925804
245 _aPretty girls: flores cortadas
260 _aEstados Unidos
260 _bHarper Collins
260 _c2015
300 _a557 páginas
650 _aLITERATURA ESTADOUNIDENSE
650 _aNOVELA ESTADOUNIDENSE
942 _cLIT
_2ddc
999 _c8524
_d8524